[Event "Cuiaba Contaud op"]
[Site "Cuiaba"]
[Date "2023.11.02"]
[Round "1"]
[White "De Camargo, Elisama Yolanda Mio"]
[Black "Franca, Elizeu Cleber Dos S"]
[Result "0-1"]
[WhiteElo "1379"]
[BlackElo "2076"]
[PlyCount "92"]
[EventDate "2023.11.02"]
[EventType "swiss"]
[EventRounds "7"]
[EventCountry "BRA"]
[SourceTitle "CB46_2023"]
[SourceDate "2023.11.15"]
[SourceVersion "1"]
[SourceVersionDate "2023.11.15"]
[SourceQuality "1"]

1. e4 c5 2. Nf3 e6 3. Nc3 Nc6 4. Bb5 Nge7 5. 0-0 a6 6. Bxc6 Nxc6 7. d4 cxd4 8. Nxd4 Be7 9. Be3 0-0 10. f4 d6 11. Qf3 Qc7 12. Rad1 Bd7 13. a3 Na5 14. Nde2 Bf6 15. Rd3 Nc4 16. Bc1 Bc6 17. Rfd1 Rad8 18. b3 Na5 19. Kh1 b5 20. Qe3 Nb7 21. b4 Rfe8 22. Ng3 g6 23. Rf1 Bg7 24. Nce2 f5 25. Nd4 Bd7 26. Rc3 Qb6 27. e5 Rc8 28. Rd3 Qc7 29. Nf3 Bc6 30. Rfd1 Bd5 31. c3 dxe5 32. fxe5 Nd8 33. Re1 Nc6 34. Bb2 Bxf3 35. gxf3 Nxe5 36. Rdd1 Nc4 37. Qe2 Nxb2 38. Qxb2 Bxc3 39. Qc2 Bxe1 40. Qxc7 Rxc7 41. Rxe1 Rc3 42. Ne2 Rxa3 43. Nd4 e5 44. Kg2 Rd3 45. Nc6 Re6 46. Nd8 Rxd8 0-1

[Event "Cuiaba Contaud op"]
[Site "Cuiaba"]
[Date "2023.11.02"]
[Round "2"]
[White "Franca, Elizeu Cleber Dos S"]
[Black "Fagundes, Arthur Calgaro Berg"]
[Result "1-0"]
[WhiteElo "2076"]
[BlackElo "1611"]
[PlyCount "89"]
[EventDate "2023.11.02"]
[EventType "swiss"]
[EventRounds "7"]
[EventCountry "BRA"]
[SourceTitle "CB46_2023"]
[SourceDate "2023.11.15"]
[SourceVersion "1"]
[SourceVersionDate "2023.11.15"]
[SourceQuality "1"]

1. e4 e6 2. d4 d5 3. Nc3 Nf6 4. e5 Nfd7 5. f4 c5 6. Nf3 Nc6 7. Be3 a6 8. Qd2 b5 9. a3 cxd4 10. Nxd4 Nxd4 11. Bxd4 Bb7 12. Bd3 Bc5 13. Ne2 Bxd4 14. Nxd4 Nc5 15. Qe3 Nxd3+ 16. cxd3 Rc8 17. 0-0 Qb6 18. Rf2 0-0 19. g4 f6 20. exf6 Rxf6 21. g5 Rf7 22. Rd1 Rcf8 23. Qe5 Bc8 24. Rc1 Bd7 25. b4 Qd8 26. Kg2 Qe8 27. Kg3 Re7 28. h4 Qg6 29. f5 Qh5 30. Rcf1 Ref7 31. Nxe6 Re8 32. Qxd5 Bxe6 33. fxe6 Rfe7 34. Rf7 Qg6 35. Rxe7 Rxe7 36. Qd8+ Qe8 37. Qxe8+ Rxe8 38. Re1 Kf8 39. Kf4 Ke7 40. Ke5 Rc8 41. Rf1 Rc3 42. Rf7+ Ke8 43. d4 Re3+ 44. Kd6 Rxa3 45. Ra7 1-0

[Event "Matogrossense-ch"]
[Site "Cuiaba"]
[Date "2014.11.02"]
[Round "6"]
[White "Stivanelli, Leonardo Alexandre"]
[Black "Franca, Elizeu Cleber Dos S"]
[Result "0-1"]
[WhiteElo "1952"]
[BlackElo "2017"]
[PlyCount "130"]
[EventDate "2014.10.31"]
[EventType "swiss"]
[EventRounds "6"]
[EventCountry "BRA"]
[SourceTitle "EXT 2022"]
[Source "ChessBase"]
[SourceDate "2021.10.06"]
[SourceVersion "1"]
[SourceVersionDate "2021.10.06"]
[SourceQuality "1"]

1. d4 d5 2. Nf3 Nf6 3. e3 e6 4. Bd3 c5 5. b3 Nc6 6. 0-0 Qc7 7. a3 Bd6 8. Bb2 b6 9. Nbd2 Bb7 10. Re1 0-0 11. h3 Rad8 12. Qe2 e5 13. dxe5 Nxe5 14. Nxe5 Bxe5 15. c3 Ne4 16. Nxe4 dxe4 17. Bc2 f5 18. Rad1 Rde8 19. Bb1 Rf6 20. c4 Rg6 21. Bxe5 Qxe5 22. Qd2 Bc6 23. b4 Rf8 24. g3 Re6 25. h4 g5 26. hxg5 Qg7 27. b5 Be8 28. Qd5 Bf7 29. Qxf5 Re5 30. Qg4 Be6 31. Qe2 Qxg5 32. Rd6 Bg4 33. Qf1 Bf3 34. Qh3 Rf6 35. Red1 Bxd1 36. Rd8+ Kg7 37. Rd7+ Rf7 38. Rxd1 Qg6 39. Rd2 Rh5 40. Qg2 Rf3 41. Qxf3 exf3 42. Bxg6 Kxg6 43. Rd7 Kf5 44. Rd5+ Kg6 45. Rd7 Kf5 46. Rxa7 Ke4 47. Rd7 Rh6 48. a4 Rf6 49. Rd5 Rf7 50. Rd6 Ra7 51. Kh2 Rxa4 52. Rxb6 Kd3 53. Rc6 Rxc4 54. b6 Ke2 55. b7 Rb4 56. Rxc5 Kxf2 57. g4 Rxb7 58. e4 Rb2 59. Kh3 Ke3 60. e5 f2 61. Kg2 Ke2 62. Rc1 Rb4 63. Rc2+ Ke3 64. Rc3+ Kd2 65. Rg3 Ke2 0-1